| 000 | 00673nam a2200217 a 4500 | ||
|---|---|---|---|
| 001 | 000017790 | ||
| 005 | 20250725140219.0 | ||
| 008 | 100406s2010 dr a 000 0 spa d | ||
| 040 |
_aDO-SdBNP _bspa _cBNPHU |
||
| 082 |
_a113 _bE42c |
||
| 100 | 0 |
_a[Elías] _jEliyáju _938681 |
|
| 245 | 1 | 3 |
_aEl código cósmico desvelado / _cprólogo Gaetano Herrera P. |
| 260 |
_a[s.l. : _bs.n.], _c2010. |
||
| 300 |
_a514 p. : _bil. ; _c23 cm. |
||
| 650 | 0 |
_a Cosmología _91848 |
|
| 650 | 4 |
_aFilosofía de la naturaleza _91849 |
|
| 650 | 4 |
_aSimbolismo en la biblia _91850 |
|
| 700 | 1 | 2 |
_aHerrera P., Gaetano, _epról. _91851 |
| 910 | _aValidado. Control de calidad EMS. | ||
| 049 | _aBNPD | ||
| 999 |
_c17315 _d17315 |
||